Riconosci il Pokémon - Quiz n°473 - Statistics

Statistiche generali
  • Questo quiz è stato fatto 0 volte
  • Il punteggio medio è 0 su 10
Statistiche sulle risposte
Indizio Risposta % Corretto
Altezza 3,0 m; > 23,0 m (Gigamax)
0%
Sesso 50% ♂, 50% ♀
0%
Peso 650,0 kg; ???,? kg (Gigamax)
0%
Tasso di cattura 90 (20.1%)
0%
Tipo Acciaio
0%
Pokémon Copperajah
0%
Abilità Forzabruta: Metalpesante
0%
Tasso di allevamento Medio-Veloce
0%
Generazione Ottava
0%
Stadio evoluzione Prima evoluzione
0%
Nessun quiz corrispondente trovato
Distribuzione punteggi
Percentuale di utenti per punteggio
Percentile per numero di risposta
I tuoi punteggi nel tempo
Non hai fatto questo quiz